书目信息 |
| 题名: |
论至善和至恶
|
|
| 作者: | 西塞罗 著 ;石敏敏 译 | |
| 分册: | ||
| 出版信息: | 北京 中国社会科学出版社 2005 |
|
| 页数: | 11,231页 | |
| 开本: | 21cm | |
| 丛书名: | 两希文明哲学经典译丛 | |
| 单 册: | ||
| 中图分类: | B502.42 | |
| 科图分类: | ||
| 主题词: | 古希腊罗马哲学 | |
| 电子资源: | ||
| ISBN: | 7-5004-5015-X | |
| 000 | 01010nam0 2200253 450 | |
| 001 | TS2006045858 | |
| 005 | 20061205151412.85 | |
| 010 | @a7-5004-5015-X@dCNY18.00 | |
| 100 | @a20060829d2005 emky0chiy0120 ea | |
| 101 | 1 | @achi@cita |
| 102 | @aCN@b110000 | |
| 105 | @ay z 000yy | |
| 200 | 1 | @a论至善和至恶@Alun zhi shan he zhi e@f(古罗马)西塞罗(Marcus Tullius Cicero)著@F( Gu Luo Ma ) Xi Sai Luo (Marcus Tullius Cicero) Zhu@g石敏敏译 |
| 210 | @a北京@c中国社会科学出版社@d2005 | |
| 215 | @a11,231页@d21cm | |
| 225 | 2 | @a两希文明哲学经典译丛 |
| 330 | @a正如Amata教授所言,本书是西塞罗“最精致也是最系统的哲学著作,是他最有影响力的作品之一。”本书提供了西塞罗与斯多亚主义、伊壁鸠鲁主义和学园派之间较为清晰的参照,可以窥见西塞罗哲学的特征。 | |
| 410 | 0 | @12001 @a两希文明哲学经典译丛 |
| 606 | 0 | @a古希腊罗马哲学 |
| 690 | @aB502.42@v4 | |
| 701 | A1 | @a西塞罗@Axi sai luo@gCiceron, Marcus Tullius@4著 |
| 702 | 0 | @a石敏敏@Ashi min min@4译 |
| 801 | 0 | @aCN@b中图数据@c20061205 |
| 905 | @a10447@dB502.42@e54 | |
| 论至善和至恶/(古罗马)西塞罗(Marcus Tullius Cicero)著/石敏敏译.-北京:中国社会科学出版社,2005 |
| 11,231页;21cm.-(两希文明哲学经典译丛) |
| ISBN 7-5004-5015-X:CNY18.00 |
| 正如Amata教授所言,本书是西塞罗“最精致也是最系统的哲学著作,是他最有影响力的作品之一。”本书提供了西塞罗与斯多亚主义、伊壁鸠鲁主义和学园派之间较为清晰的参照,可以窥见西塞罗哲学的特征。 |
| ● |
| 相关链接 |
|
|
|
|
正题名:论至善和至恶
索取号:B502.42/54
 
预约/预借
| 序号 | 登录号 | 条形码 | 馆藏地/架位号 | 状态 | 备注 |
| 1 | 0606833 | 206068333 | 第一样本阅览室/ [索取号:B502.42/54] | 在馆 | |
| 2 | 0606834 | 206068342 | 第一借阅区/ [索取号:B502.42/54] | 在馆 | |
| 3 | 0606835 | 206068351 | 第一借阅区/ [索取号:B502.42/54] | 在馆 | |
| 4 | 0606836 | 206068360 | 第一借阅区/ [索取号:B502.42/54] | 在馆 | |
| 5 | 0606837 | 206068379 | 第一借阅区/ [索取号:B502.42/54] | 在馆 |